000 00571nam a2200205Ia 4500
003 OSt
005 20230610104428.0
008 210423s1995 xx 000 0 und d
040 _cAL
082 _a340 TRIQ
_223
100 _aTRIPATHI (H P)
_9123103
245 _aQuestions and answers on negotiable instruments act
260 _aNew Delhi
_bCentral Law Agency
_c1995
300 _a126
_bPB
365 _b12
_cINR
650 _aLaw
_9123104
650 _aSocial Sciences
_9123105
906 _aact ; answers ; instruments ; negotiable ; Questions
942 _2ddc
_cBK
999 _c174157
_d174157